Szczegóły MARC21

IRA Hitlera : pakt Trzecia Rzesza - Irlandzka Armia Republikańska /

003 -Nazwa inst., której nr kontr. jest w polu 001 [,]
    • @
    • Nazwa instytucji, której n kontrolny jest w polu 001
    • NUKAT
005 -DATA I CZAS OSTATNIEJ MODYFIKACJI [,]
    • @
    • pole kontrolne
    • 20241231114429.0
020 -Międzynarod. znormalizowany nr książki - ISBN [ , ]
    • a
    • Numer ISBN
    • 9788379760145 Find
040 -Instytucja sporządzająca opis [ , ]
    • a
    • Instytucja, która sporządziła opis (NP)
    • WR U/JH
    • b
    • Język katalogowania
    • pol
    • e
    • Zasady katalogowania
    • rda
    • c
    • Instytucja, która sporządziła rekord (NP)
    • WR U/JH
    • d
    • Instytucja, która zmodyfikowała rekord (P)
    • WR U/mw
    • d
    • Instytucja, która zmodyfikowała rekord (P)
    • WR U/JHs
942 -Rodzaj dokumentu [ , ]
    • c
    • Rodzaj dokumentu
    • Książka
100 -Hasło główne - nazwa osobowa [1, ]
    • a
    • Nazwa osobowa (NP)
    • Golec, Radosław.
    • e
    • Rodzaj współpracy
    • Autor
    • 9
    • KHW
    • 469738
245 -Strefa tytułu i oznaczenia odpowiedzialności [1,0]
    • a
    • Tytuł
    • IRA Hitlera : Find
    • b
    • Ciąg dalszy tytułu (NP)
    • pakt Trzecia Rzesza - Irlandzka Armia Republikańska / Find
    • c
    • Pozostałe elementy strefy tytułu i oznaczenia odpowiedzialności (NP)
    • Radosław Golec.
246 -Wariant tytułu [3, ]
    • a
    • Tytuł (NP)
    • Irlandzka Armia Republikańska Hitlera
260 -Strefa adresu wydawniczego [ , ]
    • a
    • Miejsce wydania (P)
    • Poznań :
    • b
    • Nazwa wydawcy (P)
    • Wydawnictwo Poznańskie,
    • c
    • Data wydania (P)
    • copyright © 2018.
300 -Strefa opisu fizycznego [ , ]
    • a
    • Określenie formy książki i/lub objętość (NP)
    • 356, [1] strona :
    • b
    • Oznaczenie ilustracji (NP)
    • ilustracje ;
    • c
    • Format (NP)
    • 21 cm.
336 -Typ zawartości [ , ]
    • a
    • Termin opisujący typ zawartości
    • Tekst
    • b
    • Kod określający zawartość
    • txt
    • 2
    • Źródło (terminu i kodu)
    • rdacontent
337 -Typ mediów [ , ]
    • a
    • Tryb odtwarzania
    • Bez urządzenia pośredniczącego
    • b
    • Kod typu mediów
    • n
    • 2
    • Źródło (terminu i kodu)
    • rdamedia
338 -Typ/rodzaj nośnika [ , ]
    • a
    • Hasło opisujące typ nośnika
    • Wolumin
    • b
    • Kod typu nośnika
    • nc
    • 2
    • Źródło (terminu i kodu)
    • rdacarrier
504 -Uwaga dot. bibliogr. załącznikowej [ , ]
    • a
    • Uwaga dot. bibliografii załącznikowej
    • Bibliografia na stronach 353-[357].
600 -Hasło przedmiotowe w formie nazwy osobowej [1,7]
    • a
    • Nazwa osobowa
    • Pfaus, Oscar Karl
    • d
    • Daty związane z nazwą
    • (1901- ).
    • 2
    • Źródło terminu
    • kaba
    • 9
    • KHW
    • 469845
600 -Hasło przedmiotowe w formie nazwy osobowej [1,7]
    • a
    • Nazwa osobowa
    • Stuart, Francis
    • d
    • Daty związane z nazwą
    • (1902-2000)
    • x
    • Określnik rzeczowy
    • i Irlandia.
    • 2
    • Źródło terminu
    • kaba
    • 9
    • KHW
    • 469841
610 -Hasło przedmiotowe w formie nazwy ciała zbiorowego [2,7]
    • a
    • Nazwa ciała zbiorowego lub nazwa geograficzna
    • Irish Republican Army.
    • 2
    • Źródło terminu
    • kaba
    • 9
    • KHW
    • 238073
650 -Hasło przedmiotowe [ ,7]
    • a
    • Hasło przedmiotowe
    • Nazizm
    • z
    • Określnik geograficzny
    • Wielka Brytania
    • z
    • Określnik geograficzny
    • Irlandia Północna
    • y
    • Określnik chronologiczny
    • 1900-1945.
    • 2
    • Źródło terminu
    • kaba
    • 9
    • KHW
    • 469844
651 -Hasło przedmiotowe w formie nazwy geograficznej [ ,7]
    • a
    • Nazwa geograficzna
    • Niemcy
    • x
    • Określnik rzeczowy
    • stosunki
    • z
    • Określnik geograficzny
    • Irlandia Północna (Wielka Brytania)
    • y
    • Określnik chronologiczny
    • 1900-1945.
    • 2
    • Źródło terminu
    • kaba
    • 9
    • KHW
    • 469842
651 -Hasło przedmiotowe w formie nazwy geograficznej [ ,7]
    • a
    • Nazwa geograficzna
    • Irlandia Północna (Wielka Brytania)
    • x
    • Określnik rzeczowy
    • stosunki
    • z
    • Określnik geograficzny
    • Niemcy
    • y
    • Określnik chronologiczny
    • 1900-1945.
    • 2
    • Źródło terminu
    • kaba
    • 9
    • KHW
    • 469843
651 -Hasło przedmiotowe w formie nazwy geograficznej [ ,7]
    • a
    • Nazwa geograficzna
    • Irlandia Północna (Wielka Brytania)
    • x
    • Określnik rzeczowy
    • historia
    • x
    • Określnik rzeczowy
    • autonomia i ruchy niepodległościowe.
    • 2
    • Źródło terminu
    • kaba
    • 9
    • KHW
    • 469840
710 -Hasło dodatkowe - nazwa ciała zbiorowego [2, ]
    • a
    • Nazwa ciała zbiorowego lub nazwa geograficzna jako pierwszy element (NP)
    • Wydawnictwo Poznańskie (1993- ).
    • e
    • Rodzaj współpracy
    • Wydawca
    • 4
    • Kod relacji
    • pbl
    • 9
    • KHW
    • 63235
920 -ISBN [ , ]
    • a
    • ISBN
    • 978-83-7976-014-5 Find
Status udost. Numer inwentarzowy Data inwentaryzacji Lokalizacja
1Z.1231372018-10-30BG
-3WM.224562018-10-30BG
-3WM.224572018-10-30BG